Exotic options trading

Bibliographic Details
Main Author: De Weert, Frans.
Corporate Author: ProQuest (Firm)
Format: Electronic eBook
Language:English
Published: Chichester, England ; Hoboken, NJ : John Wiley & Sons, c2008.
Series:Wiley finance series.
Subjects:
Online Access:Click to View
LEADER 01402nam a2200397 a 4500
001 EBC351129
003 MiAaPQ
005 20200520144314.0
006 m o d |
007 cr cn|||||||||
008 080204s2008 enka sb 001 0 eng
010 |z  2008004963 
015 |a GBA797321  |2 bnb 
016 7 |z 014458425  |2 Uk 
020 |z 9780470517901 (cloth) 
020 |z 0470517905 (cloth) 
035 |a (MiAaPQ)EBC351129 
035 |a (Au-PeEL)EBL351129 
035 |a (CaPaEBR)ebr10233179 
035 |a (CaONFJC)MIL132069 
035 |a (OCoLC)244442527 
040 |a MiAaPQ  |c MiAaPQ  |d MiAaPQ 
050 4 |a HG6024.A3  |b D437 2008 
082 0 4 |a 332.64/53  |2 22 
100 1 |a De Weert, Frans. 
245 1 0 |a Exotic options trading  |h [electronic resource] /  |c Frans de Weert. 
260 |a Chichester, England ;  |a Hoboken, NJ :  |b John Wiley & Sons,  |c c2008. 
300 |a xii, 188 p. :  |b ill. 
490 1 |a Wiley finance series 
504 |a Includes bibliographical references (p. [175]) and index. 
533 |a Electronic reproduction. Ann Arbor, MI : ProQuest, 2015. Available via World Wide Web. Access may be limited to ProQuest affiliated libraries. 
650 0 |a Exotic options (Finance) 
655 4 |a Electronic books. 
710 2 |a ProQuest (Firm) 
830 0 |a Wiley finance series. 
856 4 0 |u https://ebookcentral.proquest.com/lib/matrademy/detail.action?docID=351129  |z Click to View